[Event "Skakligaen 2021-22"]
[Site "Denmark"]
[Date "2022.01.16"]
[Round "4.2"]
[White "Rasmussen, Casper Dahl"]
[Black "Skytte, Rasmus"]
[Result "1-0"]
[WhiteElo "2289"]
[BlackElo "2378"]
[PlyCount "99"]
[EventDate "2021.10.30"]
[EventType "team-tourn"]
[EventRounds "9"]
[EventCountry "DEN"]
[SourceTitle "Turneringssystemet"]
[WhiteTeam "Obro"]
[BlackTeam "AarhusSkolerne"]

1. Nf3 d5 2. d4 e6 3. Bf4 c5 4. e3 Nf6 5. c3 Bd6 6. Bb5+ Nc6 7. Ne5 O-O 8. Nd2
Bxe5 9. dxe5 Nd7 10. Nf3 Qb6 11. Qe2 c4 12. Ba4 Qc7 13. Bc2 h6 14. O-O-O Nc5
15. g4 Ne7 16. h4 b6 17. h5 Ba6 18. Rdg1 Nd3+ 19. Kb1 Kh8 20. g5 Nf5 21. Nh4
Rg8 22. Rh3 Qd7 23. f3 Qb5 24. Bxd3 cxd3 25. Qd2 Rac8 26. Nxf5 exf5 27. Rhg3
Qa4 28. gxh6 Qc2+ 29. Qxc2 dxc2+ 30. Kxc2 gxh6 31. Bxh6 Rxg3 32. Rxg3 Rg8 33.
Rxg8+ Kxg8 34. Kd2 Bf1 35. Bg5 Kh7 36. Ke1 Bd3 37. Kd2 Bf1 38. a4 Bc4 39. b4
Bb3 40. a5 bxa5 41. bxa5 Bc4 42. e4 fxe4 43. fxe4 dxe4 44. Ke3 Bd3 45. Kd4 Be2
46. h6 Kg6 47. Kxe4 Bd1 48. Be3 a6 49. c4 f6 50. e6 1-0

[Event "Skakligaen 2021-22"]
[Site "Denmark"]
[Date "2022.01.16"]
[Round "4.3"]
[White "Sorensen, Jan"]
[Black "Larsen, Karsten"]
[Result "1-0"]
[WhiteElo "2369"]
[BlackElo "2252"]
[PlyCount "73"]
[EventDate "2021.10.30"]
[EventType "team-tourn"]
[EventRounds "9"]
[EventCountry "DEN"]
[SourceTitle "Turneringssystemet"]
[WhiteTeam "AarhusSkolerne"]
[BlackTeam "Obro"]

1. e4 e5 2. Bc4 Nf6 3. d3 Nc6 4. Nc3 Bb4 5. Nge2 d5 6. exd5 Nxd5 7. O-O Bxc3 8.
Nxc3 Nxc3 9. bxc3 O-O 10. f4 Qd6 11. a4 Qg6 12. Qf3 Bg4 13. f5 Qh5 14. Qe4 g6
15. f6 Rad8 16. Rb1 Bc8 17. h3 Rfe8 18. Kh2 Bf5 19. g4 Bxe4 20. gxh5 Na5 21.
dxe4 Nxc4 22. Rxb7 Nd6 23. Rxa7 Nxe4 24. Rxc7 Rc8 25. Rxc8 Rxc8 26. Bb2 Ra8 27.
Ra1 Ra5 28. c4 Nxf6 29. Bc3 Ra6 30. hxg6 hxg6 31. Bxe5 Ne4 32. Kg2 f6 33. Bd4
Rc6 34. a5 Rxc4 35. a6 Rxc2+ 36. Kg1 Rc8 37. a7 1-0

[Event "Skakligaen 2021-22"]
[Site "Denmark"]
[Date "2022.01.16"]
[Round "4.4"]
[White "Jorgensen, Brian Jorgen"]
[Black "Vinter Schou, Uffe"]
[Result "0-1"]
[WhiteElo "2230"]
[BlackElo "2297"]
[PlyCount "84"]
[EventDate "2021.10.30"]
[EventType "team-tourn"]
[EventRounds "9"]
[EventCountry "DEN"]
[SourceTitle "Turneringssystemet"]
[WhiteTeam "Obro"]
[BlackTeam "AarhusSkolerne"]

1. e4 c5 2. Nc3 a6 3. g3 b5 4. Bg2 Bb7 5. d3 e6 6. Nf3 Nc6 7. O-O Be7 8. h3 b4
9. Ne2 Nf6 10. c3 d6 11. Be3 O-O 12. g4 bxc3 13. bxc3 c4 14. Ng3 cxd3 15. Qxd3
Qc7 16. Rab1 Nd7 17. Rfd1 Rfd8 18. Qc4 Rab8 19. Nd4 Nc5 20. Nxc6 Qxc6 21. f3 a5
22. Bxc5 d5 23. exd5 Qxc5+ 24. Qxc5 Bxc5+ 25. Kh1 Bxd5 26. Ne4 Ba3 27. Bf1 Rxb1
28. Rxb1 f5 29. c4 Bc6 30. Ng5 fxg4 31. hxg4 Bb4 32. Rb3 Rd1 33. a3 Ba4 34. Rd3
Rxf1+ 35. Kg2 Rd1 36. Rxd1 Bxd1 37. axb4 axb4 38. c5 Ba4 39. Ne4 b3 40. Nc3 b2
41. Kf2 Kf7 42. Ke3 Bc2 0-1

[Event "Skakligaen 2021-22"]
[Site "Denmark"]
[Date "2022.01.16"]
[Round "4.5"]
[White "Boe, Mads"]
[Black "Simonsen, Carsten"]
[Result "0-1"]
[WhiteElo "2243"]
[BlackElo "2218"]
[PlyCount "62"]
[EventDate "2021.10.30"]
[EventType "team-tourn"]
[EventRounds "9"]
[EventCountry "DEN"]
[SourceTitle "Turneringssystemet"]
[WhiteTeam "AarhusSkolerne"]
[BlackTeam "Obro"]

1. d4 Nf6 2. Nf3 g6 3. Bg5 Bg7 4. e3 c5 5. c3 d5 6. Bd3 O-O 7. Nbd2 Nc6 8. O-O
Re8 9. Re1 b6 10. h3 Bb7 11. Bf4 Nh5 12. Bh2 e5 13. dxe5 Nxe5 14. Be2 Nxf3+ 15.
Bxf3 Nf6 16. Qc2 Qe7 17. Red1 Rad8 18. c4 d4 19. Bxb7 Qxb7 20. exd4 cxd4 21.
Nf3 Ne4 22. Ne1 Nc5 23. Nd3 Qe4 24. Bc7 Rc8 25. Bd6 Nxd3 26. Rxd3 Qc6 27. Bf4
Qxc4 28. Qd2 Re4 29. Rd1 Qe6 30. Bh6 Re2 31. Qf4 Re1+ 0-1

[Event "Skakligaen 2021-22"]
[Site "Denmark"]
[Date "2022.01.16"]
[Round "4.6"]
[White "Bindzus, Niels"]
[Black "Sobjerg, Erik"]
[Result "1/2-1/2"]
[WhiteElo "2195"]
[BlackElo "2232"]
[PlyCount "30"]
[EventDate "2021.10.30"]
[EventType "team-tourn"]
[EventRounds "9"]
[EventCountry "DEN"]
[SourceTitle "Turneringssystemet"]
[WhiteTeam "Obro"]
[BlackTeam "AarhusSkolerne"]

1. e4 e6 2. Qe2 Be7 3. Nf3 d5 4. d3 Nf6 5. g3 dxe4 6. dxe4 b6 7. Bg2 Ba6 8. c4
Nc6 9. e5 Nd7 10. O-O O-O 11. Rd1 Qe8 12. Bf4 Rd8 13. Nc3 Nc5 14. Rab1 Rxd1+
15. Rxd1 Bb7 1/2-1/2

[Event "Skakligaen 2021-22"]
[Site "Denmark"]
[Date "2022.01.16"]
[Round "4.7"]
[White "Rendboe, John Filip"]
[Black "Christensen, Janus"]
[Result "1/2-1/2"]
[WhiteElo "2186"]
[BlackElo "2135"]
[PlyCount "79"]
[EventDate "2021.10.30"]
[EventType "team-tourn"]
[EventRounds "9"]
[EventCountry "DEN"]
[SourceTitle "Turneringssystemet"]
[WhiteTeam "AarhusSkolerne"]
[BlackTeam "Obro"]

1. d4 Nf6 2. Nf3 e6 3. g3 c5 4. Bg2 Be7 5. O-O Nc6 6. dxc5 Bxc5 7. c4 O-O 8.
Nc3 d5 9. cxd5 Nxd5 10. Nxd5 exd5 11. Qc2 Be7 12. Bf4 Be6 13. Rad1 Qa5 14. a3
h6 15. Ne5 Rac8 16. Qd3 Bf6 17. b4 Qa4 18. Nxc6 bxc6 19. Be3 Bb2 20. Bc1 Bf6
21. Be3 Rfd8 22. h4 d4 23. Bd2 c5 24. bxc5 Bc4 25. Qf3 Re8 26. Qf5 Bxe2 27.
Rde1 Qa6 28. c6 Bxf1 29. Rxf1 Re5 30. Qd7 Re7 31. Qf5 Re6 32. h5 Rce8 33. Rc1
Qe2 34. c7 Rc8 35. Bf4 d3 36. Qd5 Bg5 37. Bf3 Qb2 38. Bxg5 hxg5 39. Rd1 Qxa3
40. Qd4 1/2-1/2

[Event "Skakligaen 2021-22"]
[Site "Denmark"]
[Date "2022.01.16"]
[Round "4.8"]
[White "Skou, Niels"]
[Black "Hagen, Kresten Skytte"]
[Result "1-0"]
[WhiteElo "2045"]
[BlackElo "2173"]
[PlyCount "59"]
[EventDate "2021.10.30"]
[EventType "team-tourn"]
[EventRounds "9"]
[EventCountry "DEN"]
[SourceTitle "Turneringssystemet"]
[WhiteTeam "Obro"]
[BlackTeam "AarhusSkolerne"]

1. d4 Nf6 2. c4 e6 3. Nc3 c5 4. d5 exd5 5. cxd5 d6 6. e4 g6 7. Nge2 Bg7 8. Ng3
O-O 9. Be2 a6 10. a4 Nbd7 11. O-O Rb8 12. Bf4 Qe7 13. Qd2 Ne8 14. Rfe1 Nc7 15.
a5 b5 16. axb6 Rxb6 17. Bg5 f6 18. Be3 Re8 19. Na4 Rb7 20. Rab1 Nb5 21. b4 Na3
22. Rb3 cxb4 23. Bxa6 Rb8 24. Be2 Ne5 25. Rc1 Bg4 26. f3 Bd7 27. Rxb4 Bxa4 28.
Rxa4 Nb5 29. Qa5 Qd7 30. Rb4 1-0

[Event "Skakligaen 2021-22"]
[Site "Denmark"]
[Date "2022.01.16"]
[Round "4.1"]
[White "Pedersen, Henrik Dahl"]
[Black "Thogersen, Rasmus"]
[Result "1/2-1/2"]
[WhiteElo "2227"]
[BlackElo "2278"]
[PlyCount "116"]
[EventDate "2021.10.30"]
[EventType "team-tourn"]
[EventRounds "9"]
[EventCountry "DEN"]
[SourceTitle "Turneringssystemet"]
[WhiteTeam "Koge"]
[BlackTeam "SK1968"]

1. c4 g6 2. Nc3 c5 3. g3 Bg7 4. Bg2 Nc6 5. d3 e6 6. e4 Nge7 7. Nge2 O-O 8. O-O
a6 9. Be3 Nd4 10. Qd2 Rb8 11. Bh6 Nec6 12. Bxg7 Kxg7 13. Nxd4 Nxd4 14. Ne2
Nxe2+ 15. Qxe2 e5 16. Bh3 b5 17. b3 Qe7 18. f4 Rb6 19. Rac1 Bb7 20. Qb2 d6 21.
f5 Qg5 22. f6+ Kg8 23. Qe2 Rb8 24. Bd7 Rd8 25. Bg4 Bc6 26. h4 Qh6 27. Rc2 a5
28. h5 bxc4 29. dxc4 a4 30. hxg6 hxg6 31. Qf3 axb3 32. axb3 Qg5 33. Rh2 Rdb8
34. Qh1 Qe3+ 35. Rff2 Qe1+ 36. Kg2 Bxe4+ 37. Bf3 Bxf3+ 38. Kxf3 Rxb3+ 39. Kg4
Qxh1 40. Rxh1 R8b4 41. Rc2 d5 42. Re1 Rxc4+ 43. Rxc4 dxc4 44. Rxe5 Rb5 45. Kf4
c3 46. Ke3 c2 47. Kd2 c1=Q+ 48. Kxc1 Kh7 49. Re7 Kh6 50. Rxf7 Rb3 51. Rf8 Rf3
52. Kd2 Kg5 53. f7 c4 54. Ke2 Rf6 55. Rc8 Rxf7 56. Rxc4 Rf6 57. Rb4 Kh5 58.
Rh4+ Kg5 1/2-1/2

[Event "Skakligaen 2021-22"]
[Site "Denmark"]
[Date "2022.01.16"]
[Round "4.2"]
[White "Matthiesen, Martin"]
[Black "Henriksen, Kasper"]
[Result "1-0"]
[WhiteElo "2325"]
[BlackElo "2117"]
[PlyCount "77"]
[EventDate "2021.10.30"]
[EventType "team-tourn"]
[EventRounds "9"]
[EventCountry "DEN"]
[SourceTitle "Turneringssystemet"]
[WhiteTeam "SK1968"]
[BlackTeam "Koge"]

1. d4 Nf6 2. c4 g6 3. Nc3 Bg7 4. e4 d6 5. f3 O-O 6. Be3 c5 7. Nge2 Nc6 8. d5
Ne5 9. Ng3 e6 10. Be2 exd5 11. cxd5 a6 12. a4 h5 13. O-O Nh7 14. Qd2 h4 15. Nh1
f5 16. Nf2 Qf6 17. f4 Nf7 18. e5 dxe5 19. fxe5 Qxe5 20. Bxc5 Rd8 21. Nd3 Qc7
22. Qe3 Qd7 23. Nf4 Re8 24. Qf2 Ne5 25. Ne6 Bf6 26. Bb6 Rxe6 27. dxe6 Qc6 28.
Nb5 Bxe6 29. Nc7 Rf8 30. Rac1 Qd7 31. Rfd1 Qf7 32. Nxe6 Qxe6 33. Qc5 Kg7 34.
Rd6 Qb3 35. Qd5 Qxb2 36. Rc7+ Kh8 37. Bf1 h3 38. Bd4 Qd2 39. Rxf6 1-0

[Event "Skakligaen 2021-22"]
[Site "Denmark"]
[Date "2022.01.16"]
[Round "4.3"]
[White "Meskenas, Paulius"]
[Black "Rewitz, Poul"]
[Result "0-1"]
[WhiteElo "2135"]
[BlackElo "2264"]
[PlyCount "80"]
[EventDate "2021.10.30"]
[EventType "team-tourn"]
[EventRounds "9"]
[EventCountry "DEN"]
[SourceTitle "Turneringssystemet"]
[WhiteTeam "Koge"]
[BlackTeam "SK1968"]

1. e4 c6 2. d4 d5 3. Nc3 dxe4 4. Nxe4 Nf6 5. Nxf6+ exf6 6. c3 Bd6 7. Bd3 O-O 8.
Qc2 Re8+ 9. Ne2 h5 10. Be3 Qc7 11. O-O-O h4 12. g3 h3 13. Rhe1 Na6 14. Bf5 Qa5
15. Bxc8 Raxc8 16. Kb1 g5 17. Ng1 Kg7 18. f3 Rh8 19. f4 g4 20. a3 Nc7 21. Ne2
Rce8 22. Nc1 Qd5 23. c4 Qf3 24. Rd3 Qe4 25. Qd1 Qf5 26. Ka1 b5 27. cxb5 Nxb5
28. Qa4 Re4 29. Qc2 Re7 30. Qc4 Qd5 31. Qxd5 cxd5 32. Bf2 Rxe1 33. Bxe1 Re8 34.
Bd2 Kg6 35. Kb1 Kf5 36. b4 Bf8 37. Kc2 Nd6 38. Kd1 Nc4 39. Ne2 Nb2+ 40. Kc2
Rxe2 0-1

[Event "Skakligaen 2021-22"]
[Site "Denmark"]
[Date "2022.01.16"]
[Round "4.4"]
[White "Ramsdal, Jens Albert"]
[Black "Frandsen, Stig"]
[Result "1-0"]
[WhiteElo "2289"]
[BlackElo "2052"]
[PlyCount "47"]
[EventDate "2021.10.30"]
[EventType "team-tourn"]
[EventRounds "9"]
[EventCountry "DEN"]
[SourceTitle "Turneringssystemet"]
[WhiteTeam "SK1968"]
[BlackTeam "Koge"]

1. d4 g6 2. e4 Bg7 3. Be3 d6 4. Nc3 Nf6 5. f3 c6 6. Qd2 O-O 7. Bh6 e5 8. Bxg7
Kxg7 9. O-O-O Qa5 10. h4 h5 11. Nge2 b5 12. a3 Nbd7 13. g4 Nb6 14. Ng3 Rh8 15.
dxe5 dxe5 16. Qd6 Be6 17. Qxe5 hxg4 18. h5 Nbd7 19. Rxd7 Bxd7 20. h6+ Rxh6 21.
Rxh6 Kxh6 22. Qxf6 Qc7 23. f4 Be6 24. Nh5 1-0

[Event "Skakligaen 2021-22"]
[Site "Denmark"]
[Date "2022.01.16"]
[Round "4.5"]
[White "Andersen, Henrik"]
[Black "Hansen, Lars"]
[Result "0-1"]
[WhiteElo "1977"]
[BlackElo "2188"]
[PlyCount "96"]
[EventDate "2021.10.30"]
[EventType "team-tourn"]
[EventRounds "9"]
[EventCountry "DEN"]
[SourceTitle "Turneringssystemet"]
[WhiteTeam "Koge"]
[BlackTeam "SK1968"]

1. d4 e6 2. c4 b6 3. Nf3 Bb7 4. Nc3 Bb4 5. e3 Nf6 6. Bd2 Bxc3 7. Bxc3 Ne4 8.
Qc2 O-O 9. Bd3 f5 10. O-O Nxc3 11. bxc3 Bxf3 12. gxf3 c5 13. Kh1 Nc6 14. Rg1
Qf6 15. f4 Rac8 16. Qe2 Na5 17. Rac1 Rc7 18. Qf3 Nb7 19. Rc2 Nd6 20. a4 Rfc8
21. Rgc1 g6 22. Qg2 Rf8 23. Qf3 Qd8 24. Qe2 Nb7 25. Qf3 Na5 26. Rd1 Nb7 27. Bf1
Qe7 28. Rcd2 cxd4 29. cxd4 Nd6 30. Bd3 Nxc4 31. Bxc4 Rxc4 32. d5 e5 33. d6 Qe6
34. fxe5 Qxe5 35. Rd5 Qe4 36. Qxe4 fxe4 37. Kg2 Rxa4 38. Re5 Ra2 39. Rf1 Rd2
40. Rxe4 Rxd6 41. Ra1 Rd2 42. Rxa7 Rfxf2+ 43. Kg3 Rxh2 44. Rb4 Rhg2+ 45. Kh3
Rge2 46. e4 h5 47. Ra6 g5 48. Raxb6 Re3# 0-1

[Event "Skakligaen 2021-22"]
[Site "Denmark"]
[Date "2022.01.16"]
[Round "4.6"]
[White "Lauridsen, Jesper Morch"]
[Black "Larsen, Niels Georg"]
[Result "1-0"]
[WhiteElo "2208"]
[BlackElo "2000"]
[PlyCount "95"]
[EventDate "2021.10.30"]
[EventType "team-tourn"]
[EventRounds "9"]
[EventCountry "DEN"]
[SourceTitle "Turneringssystemet"]
[WhiteTeam "SK1968"]
[BlackTeam "Koge"]

1. e4 g6 2. d4 Bg7 3. Nc3 d6 4. f4 c6 5. Nf3 Nf6 6. Bd3 b5 7. a3 O-O 8. O-O Na6
9. e5 dxe5 10. fxe5 Nd5 11. Ne4 Nac7 12. Qe1 f5 13. exf6 exf6 14. Qg3 Bf5 15.
Nc5 Bxd3 16. Nxd3 Ne6 17. c3 Qc7 18. Qf2 Rae8 19. Bd2 Nef4 20. Nxf4 Nxf4 21.
Bxf4 Qxf4 22. Rae1 Qd6 23. Nd2 f5 24. Nf3 Bf6 25. Re2 Rxe2 26. Qxe2 Qd7 27. Re1
Kf7 28. Ne5+ Bxe5 29. dxe5 Re8 30. Qe3 Ke6 31. g4 Rf8 32. Rf1 f4 33. Rxf4 Qd1+
34. Kf2 Qc2+ 35. Kg3 Rxf4 36. Qxf4 Qd3+ 37. Kh4 Qd8+ 38. Kg3 Qd3+ 39. Kh4 Qd8+
40. g5 Qe7 41. Qf6+ Kd7 42. Qxe7+ Kxe7 43. Kg4 Ke6 44. Kf4 c5 45. b3 a5 46. Ke4
b4 47. cxb4 cxb4 48. a4 1-0

[Event "Skakligaen 2021-22"]
[Site "Denmark"]
[Date "2022.01.16"]
[Round "4.7"]
[White "Hestehauge, Klaus"]
[Black "Pedersen, Gunnar"]
[Result "1/2-1/2"]
[WhiteElo "1885"]
[BlackElo "2220"]
[PlyCount "38"]
[EventDate "2021.10.30"]
[EventType "team-tourn"]
[EventRounds "9"]
[EventCountry "DEN"]
[SourceTitle "Turneringssystemet"]
[WhiteTeam "Koge"]
[BlackTeam "SK1968"]

1. d4 d5 2. Nf3 Nf6 3. Bf4 e6 4. e3 Bd6 5. Bg3 Ne4 6. Nbd2 f5 7. Bxd6 Qxd6 8.
c3 Nd7 9. Be2 O-O 10. O-O c6 11. c4 Kh8 12. Rc1 Qe7 13. a3 Qf6 14. b4 a6 15.
Qb3 Qe7 16. a4 Ndf6 17. Nxe4 Nxe4 18. Rc2 Bd7 19. Rfc1 Be8 1/2-1/2

[Event "Skakligaen 2021-22"]
[Site "Denmark"]
[Date "2022.01.16"]
[Round "4.8"]
[White "Krejci, Martin"]
[Black "Meskeniene, Virginija"]
[Result "1-0"]
[WhiteElo "2050"]
[BlackElo "1614"]
[PlyCount "57"]
[EventDate "2021.10.30"]
[EventType "team-tourn"]
[EventRounds "9"]
[EventCountry "DEN"]
[SourceTitle "Turneringssystemet"]
[WhiteTeam "SK1968"]
[BlackTeam "Koge"]

1. e4 c5 2. c3 d6 3. d4 cxd4 4. cxd4 g6 5. Bc4 Bg7 6. Be3 Nf6 7. Nc3 O-O 8. h3
a6 9. Bd3 Nc6 10. Nf3 b5 11. a3 Bb7 12. O-O Rc8 13. Rc1 Na5 14. Nd2 d5 15. e5
Nd7 16. b4 Nc4 17. Nxc4 dxc4 18. Be4 Bxe4 19. Nxe4 Qc7 20. f4 Rfd8 21. Qf3 h6
22. f5 Bxe5 23. fxg6 Nf6 24. gxf7+ Kg7 25. dxe5 Qxe5 26. Nxf6 exf6 27. Bc5 Qg5
28. f8=Q+ Rxf8 29. Bxf8+ 1-0

[Event "Skakligaen 2021-22"]
[Site "Denmark"]
[Date "2022.01.29"]
[Round "5.2"]
[White "Carstensen, Jacob"]
[Black "Thybo, Jesper Sondergaard"]
[Result "1/2-1/2"]
[WhiteElo "2361"]
[BlackElo "2602"]
[PlyCount "51"]
[EventDate "2021.10.30"]
[EventType "team-tourn"]
[EventRounds "9"]
[EventCountry "DEN"]
[SourceTitle "Turneringssystemet"]
[WhiteTeam "Bronshoj"]
[BlackTeam "Koge"]

1. d4 Nf6 2. c4 e6 3. Nc3 Bb4 4. Qc2 d5 5. cxd5 exd5 6. Bg5 O-O 7. e3 h6 8. Bh4
Re8 9. Bd3 c5 10. Nge2 c4 11. Bh7+ Kf8 12. Bf5 Bxf5 13. Qxf5 Qd7 14. Qc2 Ne4
15. f3 Nd6 16. Qh7 f6 17. e4 dxe4 18. fxe4 Bxc3+ 19. Nxc3 Nxe4 20. O-O Ng5 21.
Bxg5 hxg5 22. Rae1 Qxd4+ 23. Kh1 Nc6 24. Qh8+ Kf7 25. Qh5+ Kf8 26. Qh8+ 1/2-1/2

[Event "Skakligaen 2021-22"]
[Site "Denmark"]
[Date "2022.01.29"]
[Round "5.3"]
[White "Neiksans, Arturs"]
[Black "Palm, Nikolaj"]
[Result "1-0"]
[WhiteElo "2571"]
[BlackElo "2281"]
[PlyCount "105"]
[EventDate "2021.10.30"]
[EventType "team-tourn"]
[EventRounds "9"]
[EventCountry "DEN"]
[SourceTitle "Turneringssystemet"]
[WhiteTeam "Koge"]
[BlackTeam "Bronshoj"]

1. e4 e5 2. Nf3 Nc6 3. Bc4 Bc5 4. c3 d6 5. b4 Bb6 6. a4 a6 7. d3 Nf6 8. O-O h6
9. Nbd2 O-O 10. Bb3 d5 11. Ba3 Re8 12. Qc2 Bg4 13. h3 Bh5 14. Rfe1 dxe4 15.
dxe4 a5 16. b5 Nb8 17. c4 c5 18. Nh2 Nbd7 19. Qc3 Nf8 20. Bd1 Bg6 21. Bg4 Ne6
22. Bxe6 Rxe6 23. f3 Nh5 24. Ndf1 Qd4+ 25. Re3 Nf4 26. Ra2 Qxc3 27. Rxc3 Rc8
28. Ne3 Ba7 29. Nhf1 b6 30. Nd5 f6 31. Nfe3 Bf7 32. h4 Nxd5 33. cxd5 Ree8 34.
Nc4 g6 35. Re2 Kg7 36. Rd3 g5 37. hxg5 hxg5 38. Bb2 Re7 39. g3 Bh5 40. Rf2 Bg6
41. Re3 Rh8 42. Rh2 Rxh2 43. Kxh2 Kf8 44. Kg2 Kf7 45. Re1 Kf8 46. Bc3 Kf7 47.
f4 exf4 48. e5 Bd3 49. e6+ Kf8 50. Nb2 Bf5 51. Bxf6 Re8 52. Nc4 Bb8 53. Nxb6
1-0

[Event "Skakligaen 2021-22"]
[Site "Denmark"]
[Date "2022.01.29"]
[Round "5.4"]
[White "Greger, Roland Reinhard"]
[Black "Chatalbashev, Boris"]
[Result "1-0"]
[WhiteElo "2277"]
[BlackElo "2517"]
[PlyCount "101"]
[EventDate "2021.10.30"]
[EventType "team-tourn"]
[EventRounds "9"]
[EventCountry "DEN"]
[SourceTitle "Turneringssystemet"]
[WhiteTeam "Bronshoj"]
[BlackTeam "Koge"]

1. e4 g6 2. d4 Bg7 3. Nc3 d6 4. Be3 a6 5. Qd2 b5 6. h4 h5 7. Nf3 Nf6 8. Ng5 Ng4
9. O-O-O Nc6 10. Be2 f6 11. Nh3 Nxe3 12. fxe3 e5 13. Nd5 Be6 14. Qc3 Bxd5 15.
exd5 Ne7 16. e4 Qd7 17. dxe5 dxe5 18. Nf2 c6 19. dxc6 Qxc6 20. Qb3 Rc8 21. g4
Qb6 22. Rhf1 hxg4 23. Nxg4 f5 24. exf5 gxf5 25. a4 Rf8 26. Nxe5 Qh6+ 27. Kb1
Bxe5 28. axb5 Rb8 29. Qd3 axb5 30. Qd7+ Kf7 31. Rxf5+ Bf6 32. Rxf6+ Qxf6 33.
Rf1 Qxf1+ 34. Bxf1 Rbd8 35. Qxb5 Rd1+ 36. Ka2 Ra8+ 37. Kb3 Kf8 38. Bd3 Rda1 39.
Qg5 Rb8+ 40. Kc3 Rb6 41. h5 Rh1 42. b4 Ke8 43. b5 Rd6 44. Be4 Rh3+ 45. Kc4 Kd8
46. Qe5 Nc8 47. Kc5 Rd7 48. b6 Nd6 49. Qf6+ Kc8 50. Qf8+ Rd8 51. Bf5+ 1-0

[Event "Skakligaen 2021-22"]
[Site "Denmark"]
[Date "2022.01.29"]
[Round "5.5"]
[White "Danielsen, Henrik"]
[Black "Laursen, Niels Norskov"]
[Result "1-0"]
[WhiteElo "2517"]
[BlackElo "2195"]
[PlyCount "77"]
[EventDate "2021.10.30"]
[EventType "team-tourn"]
[EventRounds "9"]
[EventCountry "DEN"]
[SourceTitle "Turneringssystemet"]
[WhiteTeam "Koge"]
[BlackTeam "Bronshoj"]

1. e4 c5 2. d3 Nc6 3. f4 g6 4. Nf3 Bg7 5. c3 d6 6. Be2 Nf6 7. a4 c4 8. Na3 cxd3
9. Bxd3 O-O 10. O-O d5 11. e5 Ng4 12. Nc2 f6 13. exf6 Bxf6 14. Qe1 Bg7 15. h3
Nh6 16. Be3 Nf5 17. Bxf5 Bxf5 18. Ncd4 Qd7 19. Nxf5 Rxf5 20. Qh4 Re8 21. Ng5 h6
22. Nf3 e5 23. fxe5 Nxe5 24. Nxe5 Rfxe5 25. Bxa7 Re2 26. Qb4 R8e4 27. Bd4 Qe6
28. Rad1 Rh4 29. Rf2 Rxf2 30. Kxf2 Rf4+ 31. Kg1 Qe2 32. Qb3 Bxd4+ 33. cxd4 Rf5
34. Kh1 Rg5 35. Rg1 Qe4 36. Qxb7 Rh5 37. Qc8+ Kg7 38. Qd7+ Kg8 39. Rc1 1-0

[Event "Skakligaen 2021-22"]
[Site "Denmark"]
[Date "2022.01.29"]
[Round "5.6"]
[White "Holmsgaard, Henrik"]
[Black "Sengupta, Deep"]
[Result "0-1"]
[WhiteElo "2189"]
[BlackElo "2535"]
[PlyCount "74"]
[EventDate "2021.10.30"]
[EventType "team-tourn"]
[EventRounds "9"]
[EventCountry "DEN"]
[SourceTitle "Turneringssystemet"]
[WhiteTeam "Bronshoj"]
[BlackTeam "Koge"]

1. e4 e5 2. Nf3 Nc6 3. Bc4 Bc5 4. c3 Nf6 5. d3 d6 6. Bb3 h6 7. h3 a6 8. Nbd2
Ba7 9. Nf1 Ne7 10. g4 Ng6 11. Ng3 Nf4 12. Bxf4 exf4 13. Nf5 g6 14. N5d4 Qe7 15.
Qd2 c5 16. Ne2 g5 17. c4 Bd7 18. Nc3 O-O-O 19. O-O-O Bb6 20. Rhe1 Ba5 21. e5
dxe5 22. Nxe5 Be6 23. Qe2 Qc7 24. Qf3 h5 25. Re2 hxg4 26. hxg4 Bxc3 27. bxc3
Rh4 28. Rg1 Rdh8 29. Ree1 Rh3 30. Qe2 Re8 31. Qf1 Reh8 32. Bd1 Qa5 33. Kb2 R8h6
34. Bf3 Nd7 35. Qg2 Bd5 36. Qxh3 Qb6+ 37. Kc1 Rxh3 0-1

[Event "Skakligaen 2021-22"]
[Site "Denmark"]
[Date "2022.01.29"]
[Round "5.7"]
[White "Smith, Axel"]
[Black "Thuesen, Mogens Henrik"]
[Result "1-0"]
[WhiteElo "2435"]
[BlackElo "2172"]
[PlyCount "29"]
[EventDate "2021.10.30"]
[EventType "team-tourn"]
[EventRounds "9"]
[EventCountry "DEN"]
[SourceTitle "Turneringssystemet"]
[WhiteTeam "Koge"]
[BlackTeam "Bronshoj"]

1. c4 e6 2. g3 d5 3. Bg2 Nf6 4. Nf3 c5 5. O-O Be7 6. cxd5 exd5 7. d4 O-O 8. Nc3
Nc6 9. dxc5 Bxc5 10. a3 Be6 11. b4 Be7 12. Bb2 Ne4 13. Qc2 Bf6 14. Nxe4 Bxb2
15. Neg5 1-0

[Event "Skakligaen 2021-22"]
[Site "Denmark"]
[Date "2022.01.29"]
[Round "5.8"]
[White "Kryger, Oksana"]
[Black "Ahlander, Bjorn"]
[Result "0-1"]
[WhiteElo "2105"]
[BlackElo "2363"]
[PlyCount "100"]
[EventDate "2021.10.30"]
[EventType "team-tourn"]
[EventRounds "9"]
[EventCountry "DEN"]
[SourceTitle "Turneringssystemet"]
[WhiteTeam "Bronshoj"]
[BlackTeam "Koge"]

1. d4 Nf6 2. c4 e6 3. Nf3 d5 4. Nc3 a6 5. cxd5 exd5 6. Bg5 Be6 7. e3 Nbd7 8.
Bd3 h6 9. Bh4 Bd6 10. O-O O-O 11. Rc1 c6 12. a3 Re8 13. Bg3 Qe7 14. Bxd6 Qxd6
15. h3 c5 16. dxc5 Nxc5 17. Bb1 Rad8 18. Nd4 Bc8 19. Qc2 Qe5 20. Qe2 Nce4 21.
Nxe4 dxe4 22. Ba2 Qg5 23. Kh2 Bg4 24. Qc4 Rd7 25. b4 Re5 26. Bb3 Qh4 27. Bd1
Rh5 28. Bxg4 Nxg4+ 29. Kg1 Ne5 30. Qc8+ Kh7 31. Rc7 Rg5 32. Kh1 Rxc7 33. Qxc7
b5 34. Qc8 Nd3 35. Qc2 Rg6 36. Nf5 Qf6 37. Nd4 Qg5 38. Rg1 Rf6 39. Rf1 Rg6 40.
Rg1 Qd5 41. Rf1 f5 42. Qc3 f4 43. exf4 Nxf4 44. Rg1 Nd3 45. f3 Nf2+ 46. Kh2
Qe5+ 47. g3 exf3 48. Qd2 Rxg3 49. Rxg3 Ne4 50. Nf5 Nxd2 0-1

[Event "Skakligaen 2021-22"]
[Site "Denmark"]
[Date "2022.01.29"]
[Round "5.1"]
[White "Hansen, Sune Berg"]
[Black "Fries Nielsen, Jens Ove"]
[Result "1/2-1/2"]
[WhiteElo "2528"]
[BlackElo "2378"]
[PlyCount "131"]
[EventDate "2021.10.30"]
[EventType "team-tourn"]
[EventRounds "9"]
[EventCountry "DEN"]
[SourceTitle "Turneringssystemet"]
[WhiteTeam "Hillerod"]
[BlackTeam "Fredericia"]

1. d4 Nf6 2. c4 e6 3. Nc3 d5 4. cxd5 exd5 5. Bg5 Nbd7 6. e3 c6 7. Bd3 Be7 8. h3
Ne4 9. Bf4 Nxc3 10. bxc3 c5 11. Ne2 cxd4 12. cxd4 Qa5+ 13. Kf1 Nf6 14. Kg1 O-O
15. Ng3 g6 16. Kh2 Bd7 17. Qe2 Bc6 18. Rab1 a6 19. Rhc1 Rfe8 20. Rc2 Qd8 21.
Kg1 Qd7 22. Nf1 Ne4 23. Nh2 Bh4 24. Qg4 Qd8 25. Nf3 Bf6 26. Ne5 Ba4 27. Rcc1 h5
28. Qe2 Rc8 29. Qe1 Rxc1 30. Qxc1 Bxe5 31. Bxe5 Bc6 32. f3 Ng5 33. Bxa6 Qa8 34.
Bf1 Nh7 35. Qd2 f6 36. Bg3 Qa3 37. Bd3 Kg7 38. Rb3 Qe7 39. Bb1 Nf8 40. Qa5 Ne6
41. Qb4 Qxb4 42. Rxb4 Ra8 43. Kf2 Kf7 44. Rb2 f5 45. Be5 h4 46. Bc2 Ke7 47. Bb1
Ra5 48. Ke1 g5 49. Kd2 Ra8 50. Kc3 Rd8 51. Kb4 f4 52. Re2 fxe3 53. Rxe3 Kf7 54.
a4 Ra8 55. a5 Ke7 56. Bc2 Rf8 57. Bg6 Bd7 58. Bh5 Rc8 59. Bg4 Rc2 60. f4 gxf4
61. Bxf4 Rc4+ 62. Ka3 Ra4+ 63. Kb2 Rxd4 64. Bg5+ Kd6 65. Bxh4 Rd2+ 66. Kc1
1/2-1/2